Gaming Quiz

Random Gaming or Board Games Quiz

Star Wars KOTOR Party Members Quiz Stats

 Plays Quiz not verified by Sporcle

Challenge
Share
Tweet
Embed
Score 0/20 Timer 03:00
0 Plays Today
Game(s) Name % Correct
KOTOR ICarth Onasi
92.8%
KOTOR I and KOTOR IIHK-47
91.3%
KOTOR IBastila Shan
89.9%
KOTOR IMission Vao
88.5%
KOTOR I and KOTOR IICanderous Ordo
88%
KOTOR IJolee Bindo
83.2%
KOTOR IJuhani
80.3%
KOTOR IIKreia
80.3%
KOTOR IZaalbar
80.3%
KOTOR I and KOTOR IIT3-M4
77.4%
Game(s) Name % Correct
KOTOR IIAtton Rand
73.6%
KOTOR IIBrianna
72.1%
KOTOR IIBao-Dur
66.3%
KOTOR IIG0-T0
65.4%
KOTOR IIMira
64.9%
KOTOR IIMical
62.5%
KOTOR IIVisas Marr
60.6%
KOTOR IIHanharr
60.1%
KOTOR ITrask Ulgo
42.3%
KOTOR IIRemote
25%

You're not logged in!

Compare scores with friends on all Sporcle quizzes.
OR
Log In

You Might Also Like...

Show Comments

Extras

Top Quizzes Today


Score Distribution

Your Account Isn't Verified!

In order to create a playlist on Sporcle, you need to verify the email address you used during registration. Go to your Sporcle Settings to finish the process.

Report this User

Report this user for behavior that violates our Community Guidelines.

Details: